| 000 | 01589nab a2200241 i 4500 | ||
|---|---|---|---|
| 003 | BR-BrBNA | ||
| 005 | 20250415105550.0 | ||
| 008 | 250415b2016 bl.qr|pooa||| 00| 0 por | | ||
| 040 |
_aBR-BrBNA _bpor |
||
| 072 | _aF70 | ||
| 100 | _aGiulietti, Ana Maria | ||
| 100 | _aLima, Carla Teixeira de | ||
| 245 | _aFlora das cangas da Serra dos Carajás, Pará, Brasil: Ranunculaceae | ||
| 500 | _aPublicação on-line; 9 ref.; 1 illus.; Summaries (En, Pt) | ||
| 520 | _a Resumo Este estudo inclui a espécie de Ranunculaceae registrada para a da Serra dos Carajás, no estado do Pará, trazendo descrição, ilustração e comentários morfológicos de Clematis brasiliana, a única espécie registrada na área de estudo. Palavras-chave: Amazônia, Clematis, Clematis brasiliana, FLONA Carajás, taxonomia. Abstract This study includes the species of Ranunculaceae registered for the Serra dos Carajás, Pará state, bringing description, illustration, and morphological comments of the Clematis brasiliana, the only species registered for the study area. Key words: Amazon, Clematis, Clematis brasiliana, FLONA Carajás, taxonomy. | ||
| 650 | _aAMAZÔNIA | ||
| 650 | _aCARAJÁS | ||
| 650 | _aTAXONOMIA | ||
| 773 | 0 |
_0709 _9349694 _dRio de Janeiro-RJ Jardim Botanico do Rio de Janeiro 1935 _o2025-2214 _tRodriguésia (Brazil) _x0370-6583; 2175-7860 on-line _gv. 67(5 special number) p. 1467-1470; (2016) _wBR2025000683 |
|
| 856 | _uhttps://www.scielo.br/j/rod/a/fXHH6Rqdmhy3C5dwvY3n4FM/?format=pdf&lang=pt | ||
| 942 | _cANA | ||
| 999 |
_c331038 _d331038 |
||